Comedia famosa. El escandalo de Grecia contra las santas imagenes / (Record no. 152927)

MARC details
000 -LEADER
campo de control de longitud fija 01139nam a22002535i 4500
001 - NÚMERO DE CONTROL
campo de control 152927
003 - IDENTIFICADOR DE NÚMERO DE CONTROL
campo de control ES-MaACL
005 - FECHA Y HORA DE LA ÚLTIMA TRANSACCIÓN
campo de control 20250513063023.0
008 - DATOS DE LONGITUD FIJA--INFORMACIÓN GENERAL
campo de control de longitud fija 990715q17861799sp |||| | spa d
040 ## - FUENTE DE CATALOGACIÓN
Centro catalogador/agencia de origen CCPB | B
Lengua de catalogación spa
Centro/agencia transcriptor CCPB | B
100 1# - ENTRADA PRINCIPAL--NOMBRE DE PERSONA
Nombre de persona Calderón de la Barca, Pedro,
Fechas asociadas al nombre 1600-1681
Término indicativo de función/relación Autor
9 (RLIN) 239594
245 10 - MENCIÓN DEL TÍTULO
Título Comedia famosa. El escandalo de Grecia contra las santas imagenes /
Mención de responsabilidad, etc. de ... Pedro Calderon.
260 ## - PUBLICACIÓN, DISTRIBUCIÓN, ETC.
Lugar de publicación, distribución, etc. Salamanca :
Nombre del editor, distribuidor, etc. en la imprenta de la Santa Cruz :
-- por Francisco de Toxar,
Fecha de publicación, distribución, etc. [s.a.]
300 ## - DESCRIPCIÓN FÍSICA
Extensión 28 p. ;
Dimensiones 4º.
594 ## - Nota al título y mención de responsabilidad
Nota al título y mención de responsabilidad Según el "Catálogo bibliográfico y biográfico del teatro antiguo español" de Cayetano Alberto de la Barrera y Leirado, p.547, esta comedia se cita falsamente bajo el nombre de Calderón de la Barca.
596 ## - NOTA AL PIE DE IMPRENTA
NOTA AL PIE DE IMPRENTA Los datos de publicación constan en el colofón.
596 ## - NOTA AL PIE DE IMPRENTA
NOTA AL PIE DE IMPRENTA Francisco de Tóxar ejerce ca.: 1786-1799 según Gutiérrez del Caño.
597 ## - NOTA DE DESCRIPCIÓN FÍSICA
NOTA DE DESCRIPCIÓN FÍSICA Sign.: A-C4, D2.
597 ## - NOTA DE DESCRIPCIÓN FÍSICA
NOTA DE DESCRIPCIÓN FÍSICA Texto a dos col.
650 14 - PUNTO DE ACCESO ADICIONAL DE MATERIA--TÉRMINO DE MATERIA
Término de materia o nombre geográfico como elemento de entrada
9 (RLIN) 239566
852 ## - LOCALIZACIÓN
Ubicación ES-MaACL
Número de control de estantería R-3021-36
Encuadernación Olim:T-1409
Nota libre -- Enc. pasta con hierros
942 ## - ELEMENTOS DE ENTRADA SECUNDARIOS (KOHA)
Fuente del sistema de clasificación o colocación Clasificación decimal universal
Holdings
Estatus retirado Estado de pérdida Estado de daño No para préstamo Biblioteca de origen Biblioteca actual Ubicación en estantería Fecha de adquisición Total de préstamos Signatura topográfica completa Código de barras Visto por última vez Precio de reemplazo Tipo de ítem Koha
        Biblioteca del Ateneo de Madrid Biblioteca del Ateneo de Madrid Depósito 17/01/2008   R-3021-36 1159733 23/02/2023 23/02/2023 Libro impreso